Southville International School and Colleges
Your cart is empty.
  • Cart
  • Lists
    Public lists Eva Luna New books Lux_list list_1
    Your lists Log in to create your own lists
  • Log in to your account
  • Your cookies
  • Search history
Southville International School and Colleges
  • Advanced search
  • Recent comments
  • Most popular
  • Libraries

Log in to your account

Log in with GOOGLE


If you do not have an external account, but do have a local account, you can still log in:

  1. Home
  2. MARC view: Kasaysayan : the story of the Filipino people.
Normal view MARC view ISBD view

Kasaysayan : the story of the Filipino people. (Record no. 292274)

[ view plain ]
MARC details
000 -LEADER
fixed length control field 00550nam a2200181Ia 4500
008 - FIXED-LENGTH DATA ELEMENTS--GENERAL INFORMATION
fixed length control field 160319s9999 xx 000 0 und d
020 ## - INTERNATIONAL STANDARD BOOK NUMBER
International Standard Book Number 9622582257
050 ## - LIBRARY OF CONGRESS CALL NUMBER
Classification number 959.921
050 ## - LIBRARY OF CONGRESS CALL NUMBER
Item number K19 1998 vol.2
245 ## - TITLE STATEMENT
Title Kasaysayan : the story of the Filipino people.
245 ## - TITLE STATEMENT
Remainder of title The earliest Filipinos /
260 ## - PUBLICATION, DISTRIBUTION, ETC. (IMPRINT)
Name of publisher, distributor, etc Asia Pub. Co. Ltd.
260 ## - PUBLICATION, DISTRIBUTION, ETC. (IMPRINT)
Date of publication, distribution, etc 1998
300 ## - PHYSICAL DESCRIPTION
Extent 303 pages :
300 ## - PHYSICAL DESCRIPTION
Other physical details ill. (some col.) ;
300 ## - PHYSICAL DESCRIPTION
Dimensions 29 cm.
650 ## - SUBJECT ADDED ENTRY--TOPICAL TERM
Topical term or geographic name as entry element Philippines -- History.Philippines -- History -- Chronology.Philippines -- Social conditions.
Holdings
Withdrawn status Lost status Damaged status Home library Current library Shelving location Date acquired Total Checkouts Full call number Barcode Date last seen Price effective from Koha item type
      Stonyhurst Southville International School (Batangas) Stonyhurst Southville International School (Batangas) Filipiniana Section 03/19/2016   Fil 959.921 K19 1998 vol.2 US 0946 03/19/2016 03/19/2016 Books

Kasaysayan : the story of the Filipino people.

APA

Kasaysayan : the story of the Filipino people. : Asia Pub. Co. Ltd.

Chicago

Kasaysayan : the story of the Filipino people. : Asia Pub. Co. Ltd.

Harvard

Kasaysayan : the story of the Filipino people. : Asia Pub. Co. Ltd.

MLA

: Asia Pub. Co. Ltd. .

  • Place hold
  • Print
  • Cite
  • Add to your cart (remove)
  • Save record
    BIBTEX Dublin Core MARCXML MARC (non-Unicode/MARC-8) MARC (Unicode/UTF-8) MARC (Unicode/UTF-8, Standard) MODS (XML) RIS
  • More searches
    Search for this title in:
    Other Libraries (WorldCat) Other Databases (Google Scholar) Online Stores (Bookfinder.com) Open Library (openlibrary.org)

Exporting to Dublin Core...

SOUTHVILLE LIBRARY

Southville International School and Colleges Library

1281 Tropical Ave. Cor. Luxembourg St., BF Homes International, Las Pinas City

Tel. No. 8256374 / 252358 Loc. 117/146

Powered by Koha